000
00320nam a2200133Ia 4500
008
240624s9999 xx 000 0 und d
041
_a
eng
082
_a
519.5 PRI
100
_a
FOSTER DEAN P
245
_a
BASIC BUSINESS STATISTICS A CASEBOOK
260
_c
1998
_b
Springer
300
_a
xvi, 244 p.
365
_c
ERU
_b
30
999
_c
30912
_d
30912